| 000 | 00737nam a2200253Ia 4500 | ||
|---|---|---|---|
| 005 | 20250507130404.0 | ||
| 008 | 008 250505s9999 xx 000 0 eng d | ||
| 020 | _a9784838715435 | ||
| 037 | _aAnnuals, Advances | ||
| 040 |
_aEASL _beng _cEASL |
||
| 041 |
_aeng _2eng |
||
| 084 |
_aV42.N5, P4 _qEASL |
||
| 100 |
_aRibbon Project _9667831 |
||
| 245 | 0 | _aSenso no tsukurikata = What happens before war? | |
| 260 |
_aJapan _bTokyo Magajin House Japan _c2004 |
||
| 300 | _a48p. | ||
| 365 |
_a¥ _b600 |
||
| 490 | _vV.3 | ||
| 546 | _aBilingual - Japanese - English | ||
| 650 |
_aJL; Bilingual _9755331 |
||
| 700 |
_aGoodwan Adam Tr. _9667832 |
||
| 942 |
_cTEXL _hV42.N5, P4 |
||
| 999 |
_c1319418 _d1319418 |
||